| 000 | 01903nam a2200385 a 4500 | ||
|---|---|---|---|
| 001 | ebr10588409 | ||
| 003 | CaPaEBR | ||
| 006 | m u | ||
| 007 | cr cn||||||||| | ||
| 008 | 770602s1976 ne abf sb 101 0 eng d | ||
| 020 | _z0202900428 (Aldine) | ||
| 020 | _z902797909X (Mounton) | ||
| 020 | _z9789027979094 | ||
| 020 | _z9783110819052 4 4 1 4 3 1 2 (e-book) | ||
| 040 |
_aCaPaEBR _cCaPaEBR |
||
| 035 | _a(OCoLC)654436579 | ||
| 050 | 1 | 4 |
_aGF101 _b.M87 1976eb |
| 082 | 0 | 4 | _a301.31 |
| 245 | 0 | 4 |
_aThe mutual interaction of people and their built environment _h[electronic resource] : _ba cross-cultural perspective / _ceditor, Amos Rapoport. |
| 260 |
_aThe Hague : _bMouton ; _aChicago : _bdistributed in the USA and Canada by Aldine, _cc1976. |
||
| 300 |
_axv, 505 p., [19] p. of plates : _bill., maps. |
||
| 440 | 0 | _aWorld anthropology | |
| 500 | _aPapers presented at a pre-Congress conference of the IXth International Congress of Anthropological and Ethnological Sciences, Chicago, 1973. | ||
| 504 | _aIncludes bibliographical references and indexes. | ||
| 505 | 0 | _asection 1. General papers -- section 2. Human characteristics -- section 3. Environments -- section 4. Mechanisms -- section 5. Case studies -- section 6. Conclusion. | |
| 533 |
_aElectronic reproduction. _bPalo Alto, Calif. : _cebrary, _d2011. _nAvailable via World Wide Web. _nAccess may be limited to ebrary affiliated libraries. |
||
| 650 | 0 |
_aHuman ecology _vCongresses. |
|
| 650 | 0 |
_aCities and towns _vCongresses. |
|
| 650 | 0 |
_aDwellings _vCongresses. |
|
| 655 | 7 |
_aElectronic books. _2local |
|
| 700 | 1 | _aRapoport, Amos. | |
| 710 | 2 | _aebrary, Inc. | |
| 711 | 2 |
_aInternational Congress of Anthropological and Ethnological Sciences _n(9th : _d1973 : _cChicago, Ill.) |
|
| 856 | 4 | 0 |
_uhttp://site.ebrary.com/lib/rucke/Doc?id=10588409 _zAn electronic book accessible through the World Wide Web; click to view |
| 999 |
_c103769 _d103769 |
||